000 01035nac a22002891i 4500
003 EG-ScBUE
005 20250219102906.0
008 250212s2005 ii a f 001 0 eng d
020 _a8121912466
020 _a9788121912464
040 _aEG-ScBUE
_beng
_erda
_cEG-ScBUE
_dEG-ScBUE
082 0 4 _a519.5
_bKAP
_222
100 1 _aKapur, J. N.,
_eauthor.
245 1 0 _aMathematical statistics /
_cJ. N. Kapur, Emeritus Professor, J.N.U., New Delhi, and H. C. Saxena, Ex-Reader in Mathematics & Statistics, Ramjas College, Delhi.
250 _aTwentieth revised & enlarged edition.
264 1 _aNew Delhi :
_bS. Chand & Company Ltd.,
_c2005.
300 _axvi, 792 pages :
_bgraphs, tables ;
_c24 cm
336 _2rdacontent
_atext
_btxt
337 _aunmediated
_2rdamedia
_bn
338 _avolume
_bnc
_2rdacarrier
500 _aIncludes index.
500 _aIncludes appendix.
650 7 _aMathematical statistics.
_2BUEsh
655 _vReading book
700 1 _aSaxena, H. C.,
_eauthor.
942 _cBB
_2ddc
999 _c1288
_d1288